<tr>
<tr>> href="https://www.j-archive.com/media/2024-05-17_J_Cat6.mp4">MUSCLE CARS>td>
able>
|
</tr>
<tr>
<tr>
<td>
</tr>
<tr>
>m class="correct_response">fjords>r /> >able width="100%">>d class="right">Victoria>tr> | >td>
</tr>
able>
|
<tr>
<td>
</tr>
<tr>
>(Yogesh: I always wanted to say that on Jeopardy!) >r />m class="correct_response">>Keeping Up with the Kardashians>r /> >able width="100%">>d class="right">Yogesh>tr> | >td>
</tr>
able>
|
<tr>
<td>
</tr>
<tr>
[Victoria laughs.] >r />m class="correct_response">Watson>r /> >able width="100%">>d class="right">James>tr> | >td>
</tr>
able>
|
<tr>
<td>
</tr>
<tr>
>m class="correct_response">Sam Spade>r /> >able width="100%">>d class="right">James>tr> | >td>
</tr>
able>
|
<tr>
<td>
</tr>
<tr>
>m class="correct_response">a garret>r /> >able width="100%">>d class="right">James>tr> | >td>
</tr>
able>
|
<tr>
<td>
</tr>
<tr>
(Victoria: What's a tailfin?) >r />m class="correct_response">a spoiler>r /> >able width="100%">>d class="wrong">Victoria>d class="right">James>tr> | >td>
</tr>
able>
|
</tr>
<tr>
<tr>
<td>
</tr>
<tr>
>m class="correct_response">Tivoli>r /> >able width="100%">>d class="right">James>tr> | >td>
</tr>
able>
|
<tr>
<td>
</tr>
<tr>
>m class="correct_response">>RuPaul's Drag Race>r /> >able width="100%">>d class="right">James>tr> | >td>
</tr>
able>
|
<tr>
<td>
</tr>
<tr>
>m class="correct_response">MacArthur>r /> >able width="100%">>d class="right">Yogesh>tr> | >td>
</tr>
able>
|
<tr>
<td>
</tr>
<tr>
>m class="correct_response">Mosley>r /> >able width="100%">>d class="right">Victoria>tr> | >td>
</tr>
able>
|
<tr>
<td>
</tr>
<tr>
>m class="correct_response">a gaucho>r /> >able width="100%">>d class="right">Yogesh>tr> | >td>
</tr>
able>
|
<tr>
<td>
</tr>
<tr>
>m class="correct_response">torque>r /> >able width="100%">>d class="right">James>tr> | >td>
</tr>
able>
|
</tr>
<tr>
<tr>
<td>
</tr>
<tr>
>m class="correct_response">Jutland>r /> >able width="100%">>d class="right">James>tr> | >td>
</tr>
able>
|
<tr>
<td>
</tr>
<tr>
>m class="correct_response">>Big Brother>r /> >able width="100%">>d class="right">Yogesh>tr> | >td>
</tr>
able>
|
<tr>
<td>
</tr>
<tr>
>m class="correct_response">sequoia>r /> >able width="100%">>d class="right">Victoria>tr> | >td>
</tr>
able>
|
<tr>
<td>
</tr>
<tr>
>m class="correct_response">(Michael) Mann>r /> >able width="100%">>d class="right">James>tr> | >td>
</tr>
able>
|
<tr>
<td>
</tr>
<tr>
(Ken: Yeah, metal fans call him "[*]" Butler.) >r />m class="correct_response">Geezer>r /> >able width="100%">>d class="right">Yogesh>tr> | >td>
</tr>
able>
|
<tr>
<td>
</tr>
<tr>
(Yogesh: What is a Charger?) >r />m class="correct_response">a Challenger>r /> >able width="100%">>d class="wrong">Yogesh>d class="right">James>tr> | >td>
</tr>
able>
|
</tr>
<tr>
<tr>
<td>
</tr>
<tr>
>m class="correct_response">Linnaeus>r /> >able width="100%">>d class="right">Victoria>tr> | >td>
</tr>
able>
|
<tr>
<td>
</tr>
<tr>
>(James: What is Nailed It!?) >r />m class="correct_response">>The Great British Baking Show (or >The Great British Bake-Off)>r /> >able width="100%">>d class="right">Victoria>d class="wrong">James>tr> | >td>
</tr>
able>
|
<tr>
<td>
</tr>
<tr>
>m class="correct_response">idiot savant>r /> >able width="100%">>d class="right">James>tr> | >td>
</tr>
able>
|
<tr>
<td>
</tr>
<tr>
>m class="correct_response">Highsmith>r /> >able width="100%">>d class="right">Victoria>tr> | >td>
</tr>
able>
|
<tr>
<td>
</tr>
<tr>
>m class="correct_response">a gerbil>r /> >able width="100%">>d class="right">Victoria>tr> | >td>
</tr>
able>
|
<tr>
<td>
</tr>
<tr>
>m class="correct_response">the Pontiac Trans Am>r />r />able>>d class="wrong">Triple Stumper>tr> | >td>
</tr>
able>
|
</tr>
<tr>
<tr>
<td>
</tr>
<tr>
>m class="correct_response">Haakon>r /> >able width="100%">>d class="right">James>tr> | >td>
</tr>
able>
|
<tr>
<td>
</tr>
<tr>
>m class="correct_response">>Jersey Shore>r /> >able width="100%">>d class="right">Yogesh>tr> | >td>
</tr>
able>
|
<tr>
<td>
</tr>
<tr>
(Ken: Yes, [*] intelligence test.) >r />m class="correct_response">the Stanford–Binet>r /> >able width="100%">>d class="right">Victoria>tr> | >td>
</tr>
able>
|
<tr>
<td>
</tr>
<tr>
>(Ken: Wow, you got it.) (Victoria: Thank you.) >r />m class="correct_response">>In a Lonely Place>r /> >able width="100%">>d class="right">Victoria>tr> | >td>
</tr>
able>
|
<tr>
<td>
</tr>
<tr>
(Victoria: [Pointing to her dress print pattern, which shows the leaves in question] I'm >wearing them. [Laughs]) >(Ken: Ah, look at that. You have Cliff Notes on the dress.) (Victoria: Yeah. I do, I do. [Examining the pattern] I think this is probably the first time I've worn an answer.) >r />a ginkgo>r /> >able width="100%">>d class="right">Victoria>tr> | >td>
</tr>
able>
|
<tr>
<td>
</tr>
<tr>
(James: What's an 88?) >... (Ken: You three should be glad that Lisa Ann is not here playing >Muscle Car Jeopardy! against you.) (Victoria: Yeah. Yeah.) >r />m class="correct_response">the 442>r /> >able width="100%">>d class="wrong">James>tr> | >able>>d class="wrong">Triple Stumper>tr> |
>td>